000 00778nam a2200217Ia 4500
001 14860
003 GE_BSU
008 181216s||||||||xx |||||||||||||| ||und||
020 _a503001425Х
040 _cGE_BSU
080 _a519.85
100 _aБратко,И.
245 _aПрограммирование на языке пролог для для искуственного интеллекта
245 _cПер. с англ. А.И.Лупенко и А.М.Степанова. Ред. А.М.Степанова
260 _aМосква
260 _bМир
260 _c1990
300 _a560стр.20см.
653 _aПрограммирование на языке пролог для для искуственного интеллекта
942 _cBK
999 _c47982
_d47982